000 00882nam a2200265Ia 4500
003 OSt
005 20260302115958.0
008 220923b |||||||| |||| 00| 0 eng d
020 _a0070702306
037 _cGeneral Book
040 _aRTL
_cRTL
_beng
041 _2eng
_aeng
084 _aX:8N91 , L7
_qRTL
100 _aWorfford Jerry C
_9321033
245 0 _aOrganizational communication
_b The keystone to man
260 _aNew York
_bMcGraw-Hill USA
_c1977
300 _axiv , 477 p. Name Index : 467-470 , Subject Index : 471-477 p.
490 _aMcGraw-Hil series in management
650 _aPublic Relation Management
700 _aWorfford Jerry C
_eCo-Author
_9321033
710 _aGerloff Edwin A
_eCo-Author
_91123250
710 _aCummins Robe Crt
_eCo-Author
_91123252
942 _hX:8N91 , L7
_cGB
_2CC
999 _c629695
_d629695